000 00741cam a22002294a 4500
001 15861713
005 20180208093954.0
008 090810s2009 caua b 001 0 eng
010 _a 2008903342
020 _a9780976423317
040 _aDLC
_cDLC
041 _aeng
043 _an-us---
080 _a37 HWR
100 1 _a48
101 _aEDU
245 1 4 _aThe first days of school :
_cHarry K. Wong, Rosemary T. Wong.
504 _aIncludes bibliographical references and index.
906 _a7
_bcbc
_corigcop
_d3
_eepcn
_f20
_gy-gencatlg
942 _2ddc
_cBK
999 _c42189
_d42189